| 000 | 00338 a2200121 4500 | ||
|---|---|---|---|
| 001 | 66100 | ||
| 082 | _a621.38043KRA | ||
| 090 |
_c38407 _d38407 |
||
| 100 | _aKrauss, Thomas P | ||
| 245 |
_aSignal Processing Toolbox, for use with MATLAB _bnew features guide |
||
| 260 |
_aNatick, MA _bThe Math works Inc _c1994 |
||
| 300 | _apage varies | ||
| 942 |
_aNUST-CAE _k621.38043KRA |
||
| 999 |
_c301173 _d301173 |
||